パリオリンピックで金メダルを獲得した国 -sudden death- - Statistics

General Stats
  • This quiz has been taken 163 times
  • The average score is 8 of 63
Answers on the Grid
Answers color-coded by a green-red scale on the quiz's grid according to % correct below.
アイルランド
アゼルバイジャン
アメリカ合衆国
アルジェリア
アルゼンチン
アルバニア
アルメニア
イギリス
イスラエル
イタリア
イラン
インド
インドネシア
ウガンダ
ウクライナ
ウズベキスタン
エクアドル
エジプト
エチオピア
オランダ
オーストラリア
オーストリア
カザフスタン
カタール
カナダ
カーボベルデ
キプロス
キューバ
キルギス
ギリシャ
クロアチア
グアテマラ
グレナダ
ケニア
コソボ
コロンビア
コートジボワール
ザンビア
シンガポール
ジャマイカ
ジョージア
スイス
スウェーデン
スペイン
スロバキア
スロベニア
セルビア
セントルシア
タイ
タジキスタン
チェコ
チャイニーズタイペイ
チュニジア
チリ
デンマーク
トルコ
ドイツ
ドミニカ共和国
ドミニカ国
ニュージーランド
ノルウェー
ハンガリー
バーレーン
パキスタン
パナマ
フィジー
フィリピン
フランス
ブラジル
ブルガリア
プエルトリコ
ベルギー
ペルー
ボツワナ
ポルトガル
ポーランド
マレーシア
メキシコ
モルドバ
モロッコ
モンゴル
ヨルダン
リトアニア
ルーマニア
中国
北朝鮮
南アフリカ
日本
韓国
香港
 
Answer Stats
Answer % Correct
アメリカ合衆国
85%
イギリス
64%
日本
62%
中国
61%
韓国
51%
イタリア
46%
カナダ
31%
オーストラリア
30%
ドイツ
29%
フランス
28%
アルゼンチン
26%
スペイン
18%
ケニア
16%
ブラジル
16%
オランダ
15%
アイルランド
13%
南アフリカ
12%
ジャマイカ
10%
スイス
10%
ウクライナ
8%
オーストリア
7%
イスラエル
6%
インドネシア
6%
タイ
6%
ベルギー
6%
ポルトガル
6%
ポーランド
6%
エジプト
5%
エチオピア
5%
ギリシャ
5%
スウェーデン
5%
ドミニカ国
5%
ニュージーランド
5%
アゼルバイジャン
4%
アルジェリア
4%
ウズベキスタン
4%
ドミニカ共和国
4%
香港
4%
キューバ
3%
ジョージア
3%
セントルシア
3%
チェコ
3%
チャイニーズタイペイ
3%
デンマーク
3%
ハンガリー
3%
ボツワナ
3%
イラン
2%
チリ
2%
ノルウェー
2%
フィリピン
2%
カザフスタン
1%
グアテマラ
1%
モロッコ
1%
ルーマニア
1%
ウガンダ
0%
エクアドル
0%
クロアチア
0%
スロベニア
0%
セルビア
0%
チュニジア
0%
バーレーン
0%
パキスタン
0%
ブルガリア
0%
No matching quizzes found
Score Distribution
Percent of People with Each Score
Percentile by Number Answered
Your Score History
You have not taken this quiz